00154nam a22000737a 4500003000400000245003100004260002600035300001900061SGT aJournal of Periodontology  bWiley Publisherc2022 a1-932,933-1973